| 000 | 00376nam a2200109Ia 4500 | ||
|---|---|---|---|
| 008 | 220615s9999||||xx |||||||||||||| ||und|| | ||
| 245 | 0 | _aRoutledge Handbook of Socio-Legal Theory and Methods | |
| 546 | _aEnglish[eng] | ||
| 650 | _aSocio-legal theory||methods||law in society||social character||law | ||
| 700 | _aCreutzfeldt, Naomi||Mason, Marc||McConnachie, Kirsten | ||
| 942 | _cEB | ||
| 999 |
_c9909 _d9909 |
||